| 000 | 00943nam2a2200253 4500 | ||
|---|---|---|---|
| 001 | RU\NLR\bibl\1149509 | ||
| 005 | 20250615075858.0 | ||
| 010 |
_a978-5-699-07909-4 _94100 |
||
| 021 |
_aRU _b2007-68107 _93659 |
||
| 035 | _a(NLR Aleph) 001136312 | ||
| 090 |
_a1389519 _c1389519 |
||
| 100 | _a20071106d2007 |||y0rusy50 ca | ||
| 101 | 1 |
_arus _cfre |
|
| 102 | _aRU | ||
| 105 | _aa ||||||||| | ||
| 200 | 0 |
_a[Т. 2], ч. 4 и 5 _f[пер. К. Локса, М. Вахтеровой] |
|
| 210 |
_d2007 _aБ. м. |
||
| 215 |
_a606,[1] с. _cил. |
||
| 461 | 0 |
_1001RU\NLR\bibl\1169206 _12001#$aОтверженные$v[Т. 2], ч. 4 и 5 _91506951 _aГюго, В. (1802-1885) _cМосква _d2007 _fВиктор Гюго _nЭксмо _oроман : [перевод с французского] _tОтверженные _v[Т. 2], ч. 4 и 5 |
|
| 801 | 0 |
_aRU _bNLR _c20071106 _gRCR |
|
| 801 | 1 |
_aRU _bNLR _c20071106 |
|
| 942 | _cBOOK | ||
| 980 | _aNB | ||